De domingo a domingo / [por] Casiano Floristán

Guardado en:
Detalles Bibliográficos
Autor principal: Floristán, Casiano (autor)
Formato: Libro
Colección:Col. "Ritos y sombolos" (29)
Temas:
Etiquetas: Agrega una etiqueta
Sin etiquetas, Sé el primero en etiquetar este registro!

MARC

LEADER 00000nam^a2200000^u^4500
001 000539974
005 20250521000000.0
008 060220s1000^^^^^^^^^^^^r^^^^^000^0^spa^d
009 20260310131153.9
035 |a FMI 000007748 
037 |a Acervo Xavier Clavigero 
096 |a 5.9.3/78/C 
100 |a Floristán, Casiano  |e (autor) 
245 1 0 |a De domingo a domingo / [por] Casiano Floristán 
264 |a Santander : Sal Terrae, 1993 
300 |a 334 p. 
336 |a texto  |b txt  |2 rdacontenido 
337 |a sin mediación  |b n  |2 rdamedio 
338 |a volumen  |b nc  |2 rdasoporte 
440 0 |a Col. "Ritos y sombolos" (29) 
597 |a El evangelio en los tres coclos litúrgicos 
649 |a XX 
650 |a LITURGIA 
910 |a Fondo Francisco Migoya Covarrubias S.J. 
920 |a Impresos - Libros 
930 |a Fondos Especiales 
905 |a 134 
901 |a SBC16384  |b IT2  |c ESP  |u 20250521 
902 |a https://opac.biblio.iteso.mx/vufind/Record/000539974